000 00503nam a2200193Ia 4500
001 17576
003 GE_BSU
008 181216s||||||||xx |||||||||||||| ||und||
040 _cGE_BSU
080 _a821.353.1-32
245 _aმოთხრობები
245 _cრედ.:ბ. ჟღენტი
260 _aთბილისი
260 _bსაბლიტგამი
260 _c1947
300 _a237გვ.;21სმ
653 _aმოთხრობები
942 _cBK
999 _c50626
_d50626